[Event "South Wales Autumn op"]
[Site "Newport"]
[Date "2019.11.17"]
[Round "5"]
[White "Turner, Joseph David"]
[Black "Thomas, Roy"]
[Result "1-0"]
[WhiteElo "1842"]
[BlackElo "1696"]
[PlyCount "75"]
[EventDate "2019.11.15"]
[EventType "swiss"]
[EventRounds "5"]
[EventCountry "WLS"]
[SourceTitle "EXT 2022"]
[Source "ChessBase"]
[SourceDate "2021.10.06"]
[SourceVersion "1"]
[SourceVersionDate "2021.10.06"]
[SourceQuality "1"]

1. e4 c5 2. Nf3 Nc6 3. Bb5 Nf6 4. e5 Nd5 5. 0-0 g6 6. Re1 Bg7 7. c3 0-0 8. d4 cxd4 9. cxd4 d6 10. exd6 Qxd6 11. h3 e6 12. Nc3 Nxc3 13. bxc3 a6 14. Bf1 b5 15. a4 b4 16. cxb4 Nxb4 17. Ba3 a5 18. Rb1 Ba6 19. Bxa6 Rxa6 20. Ne5 Rb8 21. Qf3 Qd5 22. Qxf7+ Kh8 23. Bxb4 axb4 24. Rxb4 Rf8 25. Qe7 Raa8 26. Rb7 Qxb7 27. Qxb7 Rxa4 28. Qd7 Ra6 29. Re4 Ra1+ 30. Kh2 Ra6 31. Rh4 Kg8 32. Nc6 g5 33. Ne7+ Kh8 34. Ng6+ Kg8 35. Nxf8 gxh4 36. Nxe6 Bf8 37. Nxf8 Kxf8 38. Qc8+ 1-0

[Event "South Wales Autumn op"]
[Site "Newport"]
[Date "2019.11.16"]
[Round "3"]
[White "Turner, Joseph David"]
[Black "Denham, Colin"]
[Result "1-0"]
[WhiteElo "1842"]
[BlackElo "1656"]
[PlyCount "85"]
[EventDate "2019.11.15"]
[EventType "swiss"]
[EventRounds "5"]
[EventCountry "WLS"]
[SourceTitle "EXT 2022"]
[Source "ChessBase"]
[SourceDate "2021.10.06"]
[SourceVersion "1"]
[SourceVersionDate "2021.10.06"]
[SourceQuality "1"]

1. e4 e6 2. d3 c5 3. Nd2 d5 4. g3 Nc6 5. Bg2 Nge7 6. Ngf3 a6 7. 0-0 Ng6 8. Re1 Be7 9. h4 Nf8 10. e5 b5 11. Nf1 c4 12. Ne3 Bb7 13. a4 Qc7 14. axb5 axb5 15. Rxa8+ Bxa8 16. dxc4 bxc4 17. Ng4 Bc5 18. Be3 Qb6 19. Bxc5 Qxc5 20. h5 h6 21. Nh4 Bb7 22. c3 Ne7 23. Qd2 Bc6 24. Kh2 Kd8 25. Qf4 Be8 26. Ra1 Nh7 27. Ra8+ Nc8 28. Nf3 Qe7 29. Qd2 Qb7 30. Ra3 Na7 31. Ne3 Bb5 32. Nd4 Bd7 33. Nxc4 Nc8 34. f4 Qc7 35. Ne3 Be8 36. c4 Nb6 37. cxd5 exd5 38. Bxd5 Nxd5 39. Ra8+ Kd7 40. Nxd5 Qb7 41. Nb5 Kc6 42. Qc3+ Kxb5 43. Ra5# 1-0

[Event "South Wales Autumn op"]
[Site "Newport"]
[Date "2019.11.15"]
[Round "1"]
[White "Turner, Joseph David"]
[Black "Varley, Peter"]
[Result "0-1"]
[WhiteElo "1842"]
[BlackElo "2181"]
[PlyCount "50"]
[EventDate "2019.11.15"]
[EventType "swiss"]
[EventRounds "5"]
[EventCountry "WLS"]
[SourceTitle "EXT 2022"]
[Source "ChessBase"]
[SourceDate "2021.10.06"]
[SourceVersion "1"]
[SourceVersionDate "2021.10.06"]
[SourceQuality "1"]

1. e4 e5 2. f4 exf4 3. Bc4 Nf6 4. Nc3 c6 5. d4 d5 6. exd5 cxd5 7. Bb3 Bd6 8. Nge2 Bg4 9. 0-0 Nc6 10. Bxf4 Bxf4 11. Rxf4 0-0 12. h3 Bh5 13. g4 Bg6 14. Ng3 Qd6 15. Qd2 Rae8 16. Raf1 Ne4 17. Ngxe4 dxe4 18. Nb5 Qd8 19. c3 Ne5 20. Bc2 Nf3+ 21. R4xf3 exf3 22. Bxg6 fxg6 23. d5 Qh4 24. Nd4 Qg3+ 25. Kh1 Re2 0-1

[Event "West Wales op"]
[Site "Swansea"]
[Date "2019.10.13"]
[Round "4"]
[White "Thomas, Roy"]
[Black "Turner, Joseph David"]
[Result "0-1"]
[WhiteElo "1696"]
[BlackElo "1842"]
[PlyCount "98"]
[EventDate "2019.10.11"]
[EventType "swiss"]
[EventRounds "5"]
[EventCountry "WLS"]
[SourceTitle "EXT 2022"]
[Source "ChessBase"]
[SourceDate "2021.10.06"]
[SourceVersion "1"]
[SourceVersionDate "2021.10.06"]
[SourceQuality "1"]

1. f4 Nf6 2. Nf3 g6 3. e3 d5 4. d3 Bg7 5. Be2 c5 6. 0-0 Nc6 7. Nc3 0-0 8. e4 d4 9. Na4 Nd7 10. c4 a6 11. b3 b5 12. Nb2 e5 13. f5 Nf6 14. Bg5 h6 15. Bh4 Qd6 16. Nd2 Ne7 17. g4 gxf5 18. gxf5 Kh8 19. Kh1 Bb7 20. Bf3 Rg8 21. cxb5 axb5 22. a4 bxa4 23. Nbc4 Qc7 24. bxa4 Nh7 25. Bh5 Bf6 26. Bxf6+ Nxf6 27. Bxf7 Rg7 28. Be6 Rf8 29. Rg1 Nc6 30. Rxg7 Qxg7 31. Qg1 Nb4 32. Nxe5 Nxd3 33. Ng6+ Kh7 34. Nxf8+ Qxf8 35. Qg6+ Kh8 36. Rb1 Nf4 37. Qg3 Nxe4 38. Qxf4 Nf2+ 39. Kg1 Nh3+ 40. Kf1 Nxf4 41. Rxb7 Nxe6 42. a5 Qxf5+ 43. Ke1 Nf4 44. Kd1 Qg4+ 45. Kc1 Nd3+ 46. Kc2 Nb4+ 47. Kc1 Qe2 48. Rb6 Qe1+ 49. Kb2 Qxd2+ 0-1

[Event "South Wales Autumn op"]
[Site "Newport"]
[Date "2018.11.18"]
[Round "4"]
[White "Young, Alan J"]
[Black "Turner, Joseph David"]
[Result "1-0"]
[WhiteElo "2040"]
[BlackElo "1860"]
[PlyCount "39"]
[EventDate "2018.11.16"]
[EventType "swiss"]
[EventRounds "5"]
[EventCountry "WLS"]
[SourceTitle "EXT 2020"]
[Source "ChessBase"]
[SourceDate "2019.10.17"]
[SourceVersion "1"]
[SourceVersionDate "2019.10.17"]
[SourceQuality "1"]

1. e4 e5 2. Nf3 Nc6 3. Bb5 a6 4. Ba4 g6 5. Nc3 Bg7 6. 0-0 b5 7. Bb3 d6 8. a4 b4 9. Nd5 Nge7 10. d4 0-0 11. dxe5 Nxd5 12. Bxd5 Bd7 13. Be3 dxe5 14. Qd3 Rb8 15. Qxa6 Nd4 16. Nxd4 exd4 17. Bf4 d3 18. Qxd3 Bxb2 19. Rad1 g5 20. Qg3 1-0